01164nam#a2200241 45000010014000000030004000140050017000180060019000350070015000540080041000690200018001100400018001281000044001462450043001902500019002332600013002522640048002653000022003133360026003353370026003615200484003878560051008719781456271664VST20250425090628.0m o d cr#un#---uucau190715s2019 MEX eng d a9781456271664 aVSTcVSTdVST1 aMario Ignacio Álvarez Ledesmaeauthor10aIntroducción al Derecho, 4th Edition afourth edition aMexico : 1aMexico :bMcGraw-Hill Interamericana,c2019 a1 online resource atextbtxt2rdacontent acomputerbc2rdamedia aTexto para la materia Introducción al Derecho u otras afines que se imparten a nivel universitario en licenciaturas en Derecho y de las disciplinas económico-administrativas (Administración, Contaduría). La obra versa sobre temas de teoría de Derecho. Es una guía didáctica de los fundamentos tanto de la ciencia jurídica como de la justicia. Esta nueva edición se pone al día respecto a los cambios legales que ha experientado el sistema jurídico mexicano.40uhttps://resolver.vitalsource.com/9781456271664